Five Rivers of the Punjab - Statistics

General Stats
  • This quiz has been taken 31 times
  • The average score is 4 of 5
Answer Stats
Length River % Correct
720 km Ravi
91%
470 km Beas
77%
1450 km Sutlej
73%
974 km Chenab
64%
725 km Jhelum
45%
No matching quizzes found
Score Distribution
Percent of People with Each Score
Percentile by Number Answered
Your Score History
You have not taken this quiz